Project on operating self business in a foreign country / (Record no. 3904)

MARC details
000 -LEADER
fixed length control field 00537nam a2200145 4500
001 - CONTROL NUMBER
control field 4700
005 - DATE AND TIME OF LATEST TRANSACTION
control field 20181127173943.0
090 00 - LOCALLY ASSIGNED LC-TYPE CALL NUMBER (OCLC); LOCAL CALL NUMBER (RLIN)
Classification number (OCLC) (R) ; Classification number, CALL (RLIN) (NR) BBA INT. FIN-803 No.6
245 00 - TITLE STATEMENT
Title Project on operating self business in a foreign country /
Remainder of title
Statement of responsibility, etc. Student Work.
Medium
260 00 - PUBLICATION, DISTRIBUTION, ETC.
Place of publication, distribution, etc. [Thimphu] :
Name of publisher, distributor, etc. [Royal Thimphu College],
Date of publication, distribution, etc. 2014.
300 ## - PHYSICAL DESCRIPTION
Extent 21 leaves.
Other physical details
Dimensions
Accompanying material
500 ## - GENERAL NOTE
General note Student research project for BBA: Internationl Finance- 803 (2014): Dr.Swati Chakraborty, lecturer.
General note Spiral-bound xerographic copy.
650 ## - SUBJECT ADDED ENTRY--TOPICAL TERM
Topical term or geographic name entry element International trade.
Form subdivision
General subdivision
Chronological subdivision
Geographic subdivision
Source of heading or term
Holdings
Withdrawn status Lost status Damaged status Not for loan Collection code Home library Current library Shelving location Serial Enumeration / chronology Inventory number Total Checkouts Full call number Barcode Date last seen Price effective from Koha item type
        STORAGE RTC Library RTC Library STORAGE 7428   BBA INT.FIN-803 No. 6STORAGE 30007459 27/11/2018 27/11/2018 Storage
Royal Thimphu College || All Right Reserved